00373nam a22001337a 450000500170000000800410001704100120005808200120007010000120008224500370009426000550013130000280018665000250021420240805090206.0240805b |||||||| |||| 00| 0 eng d aEnglish a349 SOU lEnglish aSouth African Law Reports: Natal aPietermaritzburg: bThe Natal Witness Ltd, c1932  bl, 777 pages; c25 cm.  aLegal practice bLaw